Restart 2020: (Record no. 180666)

MARC details
000 -LEADER
fixed length control field 00544nam a22002057a 4500
005 - DATE AND TIME OF LATEST TRANSACTION
control field 20210817112049.0
010 ## - LCCN (DPL NO)
LC control number ENG-129851
020 ## - INTERNATIONAL STANDARD BOOK NUMBER
Terms of availability 299.00
035 ## - SYSTEM CONTROL NUMBER
System control number EN-113383
037 ## - SOURCE OF ACQUISITION
Source of stock number/acquisition DBAD/PUB
082 ## - DEWEY DECIMAL CLASSIFICATION NUMBER
Classification number 158.1
100 ## - MAIN ENTRY--PERSONAL NAME
Personal name Rishabh
245 ## - TITLE STATEMENT
Title Restart 2020:
Remainder of title Big Ocean of Knowledge /
Statement of responsibility, etc Rishabh, Nidhi
250 ## - EDITION STATEMENT
Edition statement 2020
260 ## - PUBLICATION, DISTRIBUTION, ETC. (IMPRINT)
Name of publisher, distributor, etc Bluerose Publishers
Date of publication, distribution, etc 2020
270 ## - ADDRESS
Telephone number 978-93-90432-34-9
Electronic mail address info@bluerosepublishers.com
300 ## - PHYSICAL DESCRIPTION
Extent 192p.
Dimensions 20cm (pbk)
700 ## - ADDED ENTRY--PERSONAL NAME
Personal name Nidhi
942 ## - ADDED ENTRY ELEMENTS (KOHA)
Source of classification or shelving scheme Dewey Decimal Classification
Item type English Books
Classification part 158.1
Call number prefix RIS
Holdings
Withdrawn status Lost status Not for loan Collection code Home library Current library Date acquired Source of acquisition Cost, normal purchase price Full call number Barcode Copy number Cost, replacement price Koha item type
      Non-fiction Shahdara Branch Shahdara Branch 13/08/2021 DBAD/PUB 299.00 158.1 RIS EN-113383 1 299.00 English Books

© Delhi Public Library
Hit Counter
free hit counter